Normal view
MARC view
Entry Topical Term
001 - CONTROL NUMBER
- control field: 27851
003 - CONTROL NUMBER IDENTIFIER
- control field: OSt
005 - DATE AND TIME OF LATEST TRANSACTION
- control field: 20230712154013.0
008 - FIXED-LENGTH DATA ELEMENTS
- fixed length control field: 230712|| aca||aabn | a|a d
040 ## - CATALOGING SOURCE
- Original cataloging agency: OSt
- Transcribing agency: OSt
150 ## - HEADING--TOPICAL TERM
- Topical term or geographic name entry element: မြန်မာနိုင်ငံပြည်သူ့လွှတ်တေ်
670 ## - SOURCE DATA FOUND
- Source citation: Work cat.: (OSt): တတိယအကြိမ်ပြည်သူ့လွှတ်တော် ဆဋ္ဌမအစည်းအဝေးသို့တင်ပြသည့် နိုင်ငံတော်ကောင်စီ၏အစီရင်ခံစာ /, ၁၉၈၄။